|
|
|
|
| LEADER |
01361cam a2200289 i 4500 |
| 001 |
3653723 |
| 003 |
GR-PaULI |
| 005 |
20210117210920.0 |
| 008 |
761202s1977 nyua b 101 0 eng |
| 952 |
|
|
|0 0
|1 0
|2 ddc
|4 0
|6 Π_Σ_621_381000000000000_52_NAT
|7 0
|9 232927
|a LISP
|b LISP
|c REF
|d 2019-06-11
|i 07704
|l 0
|o Π/Σ 621.381 52 NAT
|p 025000113706
|r 2019-06-11 00:00:00
|t 1
|v 2019.00
|w 2019-06-11
|y BKN
|
| 999 |
|
|
|c 141404
|d 141404
|
| 010 |
|
|
|a 76051750
|
| 020 |
|
|
|a 0306357216
|
| 040 |
|
|
|a DLC
|c GR-PaULI
|d
|b gre
|e AACR2
|
| 082 |
0 |
0 |
|a 621.381 52
|2 23
|
| 111 |
|
|
|a NATO Advanced Study Institute on Small-Scale Applications of Superconductivity
|d (1976 :
|c Gardone Riviera, Italy)
|9 176211
|
| 245 |
1 |
0 |
|a Superconductor applications :
|b SQUIDs and machines /
|c edited by Brian B. Schwartz and Simon Foner.
|
| 260 |
|
|
|a New York :
|b Plenum Press,
|c c1977.
|
| 300 |
|
|
|a xxi, 737 σ. :
|b εικ. ;
|c 26 εκ.
|
| 490 |
1 |
|
|a NATO advanced study institutes series. Series B. Physics
|v 21.
|
| 504 |
|
|
|a Περιλαμβάνει βιβλιογραφικές παραπομπές και ευρετήριο.
|
| 650 |
|
4 |
|a Ημιαγωγοί
|9 722
|
| 700 |
1 |
|
|a Schwartz, Brian B.,
|d 1938-
|9 151800
|e επιμελητής.
|
| 700 |
1 |
|
|a Foner, Simon
|9 153022
|e επιμελητής.
|
| 830 |
|
0 |
|9 162287
|a NATO ASI series.
|p Physics
|v 21.
|
| 942 |
|
|
|2 ddc
|c BKN
|
| 998 |
|
|
|c ΜΠΟΥΡΑΣ
|d 2019-06
|